<?xml version="1.0" encoding="UTF-8"?>
<record
    xmlns:xsi="http://www.w3.org/2001/XMLSchema-instance"
    xsi:schemaLocation="http://www.loc.gov/MARC21/slim http://www.loc.gov/standards/marcxml/schema/MARC21slim.xsd"
    xmlns="http://www.loc.gov/MARC21/slim">

  <leader>00483nam a22001577a 4500</leader>
  <controlfield tag="003">OSt</controlfield>
  <controlfield tag="005">20151117150008.0</controlfield>
  <controlfield tag="008">151117b        xxu||||| |||| 00| 0 eng d</controlfield>
  <datafield tag="040" ind1=" " ind2=" ">
    <subfield code="c">RUA</subfield>
  </datafield>
  <datafield tag="082" ind1=" " ind2=" ">
    <subfield code="a">FIS &#x17A0;&#x17BB;&#x1784;&#x200B; 1991 B145 Or.1</subfield>
  </datafield>
  <datafield tag="100" ind1=" " ind2=" ">
    <subfield code="9">3802</subfield>
    <subfield code="a">&#x17A0;&#x17BB;&#x1784; &#x179F;&#x17BB;&#x1798;&#x17C9;&#x17B6;&#x179B;&#x17D0;&#x1799;</subfield>
  </datafield>
  <datafield tag="245" ind1=" " ind2=" ">
    <subfield code="a">&#x1780;&#x17B6;&#x179A;&#x1790;&#x17C2;&#x179A;&#x1780;&#x17D2;&#x179F;&#x17B6;&#x1794;&#x1784;&#x17D2;&#x1782;&#x17B6;&#x179F;&#x17D2;&#x179A;&#x179F;&#x17CB;&#x1798;&#x17BB;&#x1793;&#x1796;&#x17C1;&#x179B;&#x1794;&#x1784;&#x17D2;&#x1780;&#x1780;</subfield>
  </datafield>
  <datafield tag="260" ind1=" " ind2=" ">
    <subfield code="a">Phnom Penh</subfield>
    <subfield code="b">RUA</subfield>
    <subfield code="c">1991</subfield>
  </datafield>
  <datafield tag="300" ind1=" " ind2=" ">
    <subfield code="a">86p.</subfield>
    <subfield code="b">ill.</subfield>
    <subfield code="c">29cm.</subfield>
  </datafield>
  <datafield tag="942" ind1=" " ind2=" ">
    <subfield code="2">ddc</subfield>
    <subfield code="c">FIS</subfield>
  </datafield>
  <datafield tag="999" ind1=" " ind2=" ">
    <subfield code="c">3535</subfield>
    <subfield code="d">3535</subfield>
  </datafield>
  <datafield tag="952" ind1=" " ind2=" ">
    <subfield code="0">0</subfield>
    <subfield code="1">0</subfield>
    <subfield code="2">ddc</subfield>
    <subfield code="4">0</subfield>
    <subfield code="6">FIS_&#x17A0;&#x17BB;&#x1784;_1991_000000000000000_B145_OR_1</subfield>
    <subfield code="7">0</subfield>
    <subfield code="9">16973</subfield>
    <subfield code="a">LBB</subfield>
    <subfield code="b">LBB</subfield>
    <subfield code="c">B145</subfield>
    <subfield code="d">2015-11-17</subfield>
    <subfield code="o">FIS &#x17A0;&#x17BB;&#x1784;&#x200B; 1991 B145 Or.1</subfield>
    <subfield code="p">RUA037605</subfield>
    <subfield code="r">2015-11-17</subfield>
    <subfield code="w">2015-11-17</subfield>
    <subfield code="y">FIS</subfield>
  </datafield>
  <datafield tag="952" ind1=" " ind2=" ">
    <subfield code="0">0</subfield>
    <subfield code="1">0</subfield>
    <subfield code="2">ddc</subfield>
    <subfield code="4">0</subfield>
    <subfield code="6">FIS_&#x17A0;&#x17BB;&#x1784;_1991_000000000000000_B145_OR_2</subfield>
    <subfield code="7">0</subfield>
    <subfield code="9">17003</subfield>
    <subfield code="a">LBB</subfield>
    <subfield code="b">LBB</subfield>
    <subfield code="c">B145</subfield>
    <subfield code="d">2015-11-17</subfield>
    <subfield code="o">FIS &#x17A0;&#x17BB;&#x1784;&#x200B; 1991 B145 Or.2</subfield>
    <subfield code="p">RUA012400</subfield>
    <subfield code="r">2015-11-17</subfield>
    <subfield code="w">2015-11-17</subfield>
    <subfield code="y">FIS</subfield>
  </datafield>
  <datafield tag="952" ind1=" " ind2=" ">
    <subfield code="0">0</subfield>
    <subfield code="1">0</subfield>
    <subfield code="2">ddc</subfield>
    <subfield code="4">0</subfield>
    <subfield code="6">FIS_&#x17A0;&#x17BB;&#x1784;_1991_000000000000000_B145_OR_3</subfield>
    <subfield code="7">0</subfield>
    <subfield code="9">17004</subfield>
    <subfield code="a">LBB</subfield>
    <subfield code="b">LBB</subfield>
    <subfield code="c">B145</subfield>
    <subfield code="d">2015-11-17</subfield>
    <subfield code="o">FIS &#x17A0;&#x17BB;&#x1784;&#x200B; 1991 B145 Or.3</subfield>
    <subfield code="p">RUA012473</subfield>
    <subfield code="r">2015-11-17</subfield>
    <subfield code="w">2015-11-17</subfield>
    <subfield code="y">FIS</subfield>
  </datafield>
</record>
